| 000 | nam a22 a 4500 | ||
|---|---|---|---|
| 999 |
_c335 _d335 |
||
| 005 | 20170503115647.0 | ||
| 008 | 170503b1990 UK ||||| |||| 00| 0 eng d | ||
| 020 | _a0805300406 (pbk) | ||
| 040 | _aAKMAL | ||
| 082 | _a004 CAP | ||
| 090 |
_a004 _bCAP |
||
| 245 | 0 | 0 |
_aComputers : _btools for an information age / _cH.L. Capron. |
| 250 | _a2nd ed. | ||
| 260 |
_aRedwood City, Calif. : _bBenjamin/Cummings Pub. Co, _cc1990. |
||
| 300 |
_a710ms. _c26cm |
||
| 599 | _aDALAM PROSES | ||
| 650 |
_acomputers _9762 |
||
| 852 | 4 | 1 |
_aBritish Library _bDSC |
| 942 |
_2ddc _cBOOK |
||